00437 2200181 4500001002100000005001500021008004100036020001800077035001900095041000700114082000800121090001500129100001600144245002400160260003500184300002600219650001000245INLIS00000000001252120241224114400241224||||||||| | ||| |||| || |  a979-404-871-2 0010-1224012521 aid0 a813 a813 SET. b0 aA. Setiawan00aBerani Karena Benar aBandungbDharma Karya Ciptac- a80 hlm.; 14,5 x 21 cm 0aNovel